Music Quiz

Random Music or Clickable Quiz

Finish the Famous Beatles Lyric Quiz Stats

 Plays Quiz Updated Mar 27, 2018

Score 0/28 Timer 08:00
2 Plays Today
% Correct
Dog
95.7%
Play
95.7%
Day
95.1%
Better
94.7%
Eyes
94.4%
Down
94.4%
True
93.6%
Care
93.2%
On
93%
Sweeping
92.9%
Place
92.6%
People
92.4%
Belong
91.9%
Land
91.5%
% Correct
Winter
91.5%
Free
91.2%
Again
90.8%
World
90.2%
Laugh
89.3%
Stay
88.9%
Arise
87.7%
Done
87%
Agree
86.4%
Gone
86.3%
Bible
86.3%
Changed
85.9%
Lover
85.3%
Girl
84.3%

You're not logged in!

Compare scores with friends on all Sporcle quizzes.
OR
Log In

Show Comments

Extras

Top Quizzes Today


Score Distribution

Your Account Isn't Verified!

In order to create a playlist on Sporcle, you need to verify the email address you used during registration. Go to your Sporcle Settings to finish the process.

Report this User

Report this user for behavior that violates our Community Guidelines.

Details: